Parallel Robot Design

Salvato in:
Dettagli Bibliografici
Autore principale: Daneshjo, Naqibullah, 1964-
Altri autori: Danishjoo, Enayat, Rovňáková, Sylvia
Natura: Capitolo di libro
Lingua:inglese
Soggetti:
Tags: Aggiungi Tag
Nessun Tag, puoi essere il primo ad aggiungerne!!

MARC

LEADER 00000naa a2200000 4500
001 0270566
005 20240502074235.9
041 0 |a eng 
044 |a SK 
245 1 0 |a Parallel Robot Design  |c Naqibullah Daneshjo, Enayat Danishjoo, Sylvia Rovňáková 
610 2 0 |a dizajn 
610 2 0 |a roboty 
610 2 0 |a priemysel 
610 2 0 |a stroje 
100 1 |a Daneshjo, Naqibullah, 1964- 
700 1 |a Danishjoo, Enayat 
700 1 |a Rovňáková, Sylvia